Naná
Spremljeno u:
| Glavni autor: | |
|---|---|
| Format: | Knjiga |
| Jezik: | španjolski |
| Izdano: |
Madrid
Alba
1999
|
| Serija: | Grandes Clásicos
|
| Teme: | |
| Oznake: |
Dodaj oznaku
Bez oznaka, Budi prvi tko označuje ovaj zapis!
|
MARC
| LEADER | 00000nam a2200000 a 4500 | ||
|---|---|---|---|
| 001 | UCL0970 | ||
| 003 | CL-VaPUC | ||
| 008 | 030825e19990000SP |||||||||||||||||spa|d | ||
| 020 | |a 8483360756 | ||
| 082 | 0 | 4 | |a 843 |b ZOL |2 21 |
| 100 | 0 | |a Zola, Emile |e author |9 316220 | |
| 245 | 1 | 0 | |a Naná |
| 300 | |a 469 p | ||
| 942 | |c BK | ||
| 945 | |d 20030825 00:00:00 |a cmena | ||
| 260 | |a Madrid |b Alba |c 1999 | ||
| 650 | 0 | |a Novela francesa |9 264985 | |
| 650 | 0 | |a Literatura francesa |9 266330 | |
| 583 | |a last modification |c 20030825 00:00:00 |k Rodrigo Vera | ||
| 490 | 0 | |a Grandes Clásicos | |
| 999 | |c 304688 |d 304686 | ||
| 952 | |0 0 |1 0 |4 0 |6 843_000000000000000_ZOL_1999 |7 0 |8 R |9 367339 |a BIBEDU |b BIBEDU |c MCIRC |d 2019-11-21 |i 3934810 |o 843 ZOL 1999 |p 3934810 |r 2023-01-13 |w 2019-11-21 |y BK_R |k LIT | ||